01054 2200325 4500001002100000005001500021035002000036007000300056040001700059100003700076245014000113250001200253300003900265020002200304041000800326082001000334090001800344264003400362336002100396337003000417338002300447650002100470850001000491008004100501700009800542990002200640990002200662990002200684990002200706INLIS00000000000575520260426115506 a0010-0222000845ta aSBPUPADbInd0 aYuniasari Shinta DewiePengarang1 aBekerja Sebagai Sekretaris /cYuniasari Shinta Dewi, Editor Ke-1, Ratri Medya, Editor Ke-2, Audina Furi N., Editor Ke-3, Yati Sumiharti a.-cet.1 aviii, 81 hlm. :bilus. ;c15x23 cm a978-979-015-864-10 aInd a221.2 a332 HAR m 9-2 a.--Jakarta :bErlangga,c2008 2rdacontentaTeks 2rdamediaaTanpa Perantara 2rdacarrieraVolume 4aBimbingan Karier aPUPAD260426 0  aEditor Ke-1, Ratri Medya, Editor Ke-2, Audina Furi N., Editor Ke-3, Yati SumihartiePengarang a12212/H-KAPD/2010 a12213/H-KAPD/2010 a12211/H-KAPD/2010 a12210/H-KAPD/2010